000 00481nam a2200181Ia 4500
001 11177
005 20260306161927.0
008 260306t1999||||xx |||||||||||||| ||spa||
041 _aESP
082 _a985.01
_bR84
100 _aRostworowski, María [ed.]
_eAUT
245 0 _aEl señorío de Pachacamac:
_bel informe de Rodrigo Cantos de Andrade de 1573
260 _c1999
300 _a238 páginas :
_c20 cm.
650 _aGEN
654 _aCHU
942 _cLIB
_dJUS
_fJUS
_2ddc
_n
999 _c11177
_d11177